000 00862nam0a22002531 4500
001 rc\4626639
005 20250611212042.0
035 _a(NLR Aleph) 008402660
090 _a9245870
_c9245870
100 _a20130416d1965 |||y0rusy50 ca
101 0 _arus
102 _aRU
105 _aa z |||||
200 1 _aОсновной закон теории надежности
_fЛенингр. воен.-инж. краснознам. акад. им. А.Ф. Можайского
210 _aЛенинград
_cБ. и.
_d1965
215 _a38 с.
_cил.
_d22
300 _aОтпеч. множит. аппаратом
333 _aПродаже не подлежит
700 1 _aСедякин
_bН.М.
_gНиколай Михайлович
801 0 _aRU
_bNLR
_gpsbo
801 1 _aRU
_bELAR
_2rusmarc
852 _aNLR
_j50к/1882
942 _cBOOK
980 _aNB